000 00593nam a2200205Ia 4500
003 GCL
008 140319s9999 xx 000 0 ara d
040 _aGCL /
_cGCL
082 0 4 _a370.962
_bم ا
100 1 _aمحسن خضر
245 1 0 _aالاتجاة القومى العربى فى التعليم المصرى /
_cمحسن خضر
260 _a[S.N] :
_bالهيئة المصرية العامة للكتاب ،
_c1992
300 _a199 ص
490 _a
650 0 4 _aمصر
650 0 4 _aتاريخ
650 0 4 _aالتعليم
650 0 4 _aالاجتماع
942 _2ddc
_cBK
999 _c28434
_d28434